000 00518nam a22001817a 4500
999 _c2651
_d2651
003 URS
005 20220114142225.0
008 191118s2002 ph |||| |||| 00| 0 eng d
020 _a9719146885
040 _beng
_cURS
_drda
050 1 4 _aHQ 1757
_b.F8197 2002
100 _aFrancisco, Josefa S.
245 1 0 _aQuilted sightings a women & gender studies reader: sights
_cJosefa s. Frnacisco, Cezar R. Tigno
260 _bWomen Gender Institute;
_c[2002]
300 _c23 cm
700 _aTigno, Cezar R.
942 _2lcc
_cF